000 00471nam a2200169 4500
020 _a9789348164902
082 _aM100 7
_bMUR/K
100 _aMuraleedharan Maloor
245 _aKavyalokathe Ashan/
_cby Muraleedharan Maloor
260 _aKottayam:
_bSahithya Pravarthaka Co-operative Society,
_c2025.
300 _a120p.
650 _aPoetry Ashan Study
650 _aPoetry Malayalam Study
650 _aLiterature Malayalam
650 _aLiterature
942 _cBK
999 _c182050
_d182050